000 00773nam a22002177a 4500
999 _c185572
_d185572
005 20220204115543.0
010 _aENG-131404
020 _a9788194282563
_c1049.00
035 _aEN-114936
037 _bDBAD
082 _a004.65
100 _aSzigeti, Tim
245 _aCisco Digital Network Architecture:
_bIntent-based Networking for the Enterprise/
_cTim Szigeti, David Zacks, Matthias Falkner, Simone Arena
260 _aUttar Pradesh
_bPearson India Education Services Pvt. Ltd
_c2022
270 _a15th Floor, Tower-B, World Trade Tower, Plot No. 1, Block-C, Sector 16,
_bNoida
_e201301
300 _a753p.
_c24cm(pbk)
700 _aZacks, David
700 _aFalkner, Matthias
700 _aArena, Simone
942 _2ddc
_cEN
_h004.65
_mSZI